000 00981nam a22002897i 4500
003 EG-GICUC
005 20260509122021.0
008 260509s1915 it ||||fr|||| 00| 0 ara d
040 _a EG-GICUC
_bara
_c EG-GICUC
_d EG-GICUC
_erda
041 _aara
082 0 4 _221
_a341.71
_bج ج . د
092 0 4 _221
099 _aLaw1 11 341.71 ج ج . د 1915
100 0 _aج.ج لوريمر
_eمؤلف.
245 1 0 _aدليل الخليج:
_bالقسم التاريخي /
_cج.ج لوريمر.
_nالجزء الثاني
264 _aقطر:
_bمكتب صاحب السمو امير دولة قطر,
_c1915.
300 _a1196 ؛ صفحة
_c24 سم
336 _2rda content
_atext
337 _2rda media
_aComputer
338 _2rda carrier
_aOnline Resource
546 _aالنص باللغة العربية
650 1 _aدولي عام
650 1 _aالخليج
856 4 0 _uhttps://fll.law.cu.edu.eg/fulltext/bks/ B11-05519.pdf
905 _a72
942 _2ddc
_cBK
_e21
_n0
999 _c76358
_d76358